|
|
|
|
| LEADER |
00615cam a2200205 7i4500 |
| 001 |
0000030229 |
| 005 |
20140128090000.0 |
| 020 |
0 |
0 |
|a 9781118226155
|
| 090 |
0 |
0 |
|a B 650.1
|b WEB
|
| 100 |
1 |
0 |
|a Webb
|
| 245 |
1 |
0 |
|a Rebooting work :
|b transform how you work in the age of entrepreneurship.
|
| 260 |
0 |
0 |
|a San Francisco:
|b Jossey - Bass,
|c 2013.
|
| 300 |
# |
# |
|a 189 p.
|
| 650 |
0 |
0 |
|a Personnel management
|
| 650 |
0 |
0 |
|a Organizational change
|
| 650 |
0 |
0 |
|a Change (Psychology)
|
| 650 |
0 |
0 |
|a Career development
|
| 650 |
0 |
0 |
|a Job satisfaction
|
| 700 |
1 |
0 |
|a Alder,
|h Carlye
|
| 999 |
|
|
|a B000033344
|b Book
|c Book
|e Business Information Centre
|